[Event "SF Neuenkirchen 1 - Bielefelder SK 1"]
[Site "NRW-Klasse, Gruppe 1 2016/201"]
[Date "2017.02.12"]
[Round "6.2"]
[White "Buendgen, Achim"]
[Black "Gruen, Gerd-Peter"]
[Result "1/2-1/2"]
[WhiteElo "2161"]
[BlackElo "2214"]
[PlyCount "95"]
[EventDate "2017.??.??"]
[WhiteTeam "SF Neuenkirchen 1"]
[BlackTeam "Bielefelder SK 1"]

1. e4 e5 2. Nf3 Nc6 3. Bc4 Bc5 4. b4 Bb6 5. a4 a6 6. Nc3 d6 7. Nd5 Ba7 8. d3
Nce7 9. Be3 Nxd5 10. Bxd5 Nf6 11. Bb3 Be6 12. Bxe6 fxe6 13. O-O O-O 14. Bxa7
Rxa7 15. d4 Nxe4 16. dxe5 d5 17. Nd4 Qe7 18. Qg4 Re8 19. Rad1 Qg5 20. Qxg5 Nxg5
21. h4 Ne4 22. a5 Nc3 23. Rd3 Nb5 24. Nxb5 axb5 25. f4 g6 26. g4 c6 27. Re3 Rf8
28. f5 gxf5 29. gxf5 Rxf5 30. Rxf5 exf5 31. Rf3 Kf7 32. Rxf5+ Ke6 33. Rh5 h6
34. Kf2 Ra8 35. Ke3 Rg8 36. Rxh6+ Kxe5 37. Rh5+ Ke6 38. Rh7 Rg4 39. c3 Rc4 40.
Kd3 d4 41. cxd4 Rxb4 42. Rxb7 Ra4 43. Rc7 Kd6 44. Ra7 Ra3+ 45. Ke4 Rh3 46. Rh7
Ra3 47. Ra7 Rh3 48. Rh7 1/2-1/2

[Event "SF Neuenkirchen 1 - Bielefelder SK 1"]
[Site "NRW-Klasse, Gruppe 1 2016/201"]
[Date "2017.02.12"]
[Round "6.3"]
[White "Kruse, Herbert"]
[Black "Haves, Reinhard"]
[Result "1/2-1/2"]
[WhiteElo "2145"]
[BlackElo "2102"]
[Annotator "Daniel"]
[PlyCount "81"]
[EventDate "2017.??.??"]
[WhiteTeam "Bielefelder SK 1"]
[BlackTeam "SF Neuenkirchen 1"]

1. Nf3 g6 2. e4 Bg7 3. d4 d6 4. Bd3 Nc6 5. c3 e5 6. Be3 Nf6 7. h3 O-O 8. O-O
exd4 9. cxd4 Nb4 10. Nc3 Nxd3 11. Qxd3 c6 12. Rad1 Re8 13. Rfe1 d5 14. e5 Bf5
15. Qe2 Ne4 16. g4 Nxc3 17. bxc3 Bd7 18. Bg5 f6 19. Bf4 Qc8 20. Bg3 h5 21. gxh5
Bxh3 22. hxg6 Bg4 23. Qe3 Qf5 24. Nh4 Qh5 25. f3 Bd7 26. Qf4 f5 27. e6 Rxe6 28.
Rxe6 Bxe6 29. Qd6 Re8 30. Re1 Bf8 31. Qf4 Bd7 32. Re5 Rxe5 33. Qxe5 Qg5 34. Kh2
Qd2+ $11 35. Kh1 Qc1+ 36. Kg2 Qd2+ 37. Bf2 Qg5+ 38. Bg3 Qd2+ 39. Bf2 Qg5+ 40.
Bg3 Qd2+ 41. Bf2 1/2-1/2

[Event "SF Neuenkirchen 1 - Bielefelder SK 1"]
[Site "NRW-Klasse, Gruppe 1 2016/201"]
[Date "2017.02.12"]
[Round "6.4"]
[White "Vos, Thomas"]
[Black "Goeßling, Guido"]
[Result "1/2-1/2"]
[WhiteElo "2180"]
[BlackElo "2075"]
[PlyCount "83"]
[EventDate "2017.??.??"]
[WhiteTeam "SF Neuenkirchen 1"]
[BlackTeam "Bielefelder SK 1"]

1. b3 d5 2. Bb2 Bg4 3. g3 Nf6 4. Bg2 c6 5. Nf3 Nbd7 6. c4 e6 7. d3 Bd6 8. h3
Bh5 9. g4 Bg6 10. Nh4 Qe7 11. Nc3 d4 12. Nb1 e5 13. Nd2 Ba3 14. Bxa3 Qxa3 15.
b4 Qxb4 16. Rb1 Qd6 17. Nxg6 hxg6 18. Rxb7 Nc5 19. Rb1 O-O 20. Qc1 Nfd7 21. g5
f5 22. gxf6 gxf6 23. h4 Kg7 24. h5 gxh5 25. Ne4 Nxe4 26. Bxe4 Rh8 27. Rb7 Kf8
28. Bg6 Rb8 29. c5 Qd5 30. Be4 Qxa2 31. Rxb8+ Nxb8 32. f4 Nd7 33. fxe5 Nxe5 34.
Qf4 Ke7 35. Rg1 Rf8 36. Kf2 Qe6 37. Rb1 Rg8 38. Rb7+ Kd8 39. Bf5 Qd5 40. Be4
Qe6 41. Bf5 Qd5 42. Be4 1/2-1/2

[Event "SF Neuenkirchen 1 - Bielefelder SK 1"]
[Site "NRW-Klasse, Gruppe 1 2016/201"]
[Date "2017.02.12"]
[Round "6.5"]
[White "Forchert, Niko"]
[Black "Hachmeister, Dirk"]
[Result "1-0"]
[WhiteElo "2058"]
[BlackElo "2147"]
[PlyCount "77"]
[EventDate "2017.??.??"]
[WhiteTeam "Bielefelder SK 1"]
[BlackTeam "SF Neuenkirchen 1"]

1. d4 Nf6 2. Nf3 d6 3. Bg5 Bg4 4. Nbd2 Nbd7 5. e4 e5 6. c3 Be7 7. Be2 O-O 8.
O-O c6 9. Qc2 Re8 10. dxe5 dxe5 11. Nc4 Qc7 12. Ne3 Be6 13. Bc4 Nc5 14. Bxe6
Nxe6 15. Bxf6 Bxf6 16. Ng4 Qe7 17. Rad1 Nf8 18. Qb3 Reb8 19. Rd3 g6 20. Nxf6+
Qxf6 21. Qb4 Qe6 22. Rfd1 f6 23. Rd6 Qf7 24. h4 h5 25. Nh2 Re8 26. a4 Re7 27.
Nf1 Ne6 28. a5 a6 29. Ne3 Rf8 30. g3 Ng7 31. Qc4 Ne8 32. Rd8 Kg7 33. Kf1 f5 34.
exf5 Qxc4+ 35. Nxc4 Rxf5 36. R8d7 Rff7 37. Rxe7 Rxe7 38. Ke2 Nf6 39. Rd8 1-0

[Event "SF Neuenkirchen 1 - Bielefelder SK 1"]
[Site "NRW-Klasse, Gruppe 1 2016/201"]
[Date "2017.02.12"]
[Round "6.6"]
[White "Seegers, Hendrik"]
[Black "Klatt, Jan"]
[Result "0-1"]
[WhiteElo "2132"]
[BlackElo "2065"]
[PlyCount "70"]
[EventDate "2017.??.??"]
[WhiteTeam "SF Neuenkirchen 1"]
[BlackTeam "Bielefelder SK 1"]

1. d4 g6 2. c4 Bg7 3. Nc3 d6 4. Nf3 Nd7 5. e3 e5 6. Be2 Ne7 7. b3 O-O 8. Bb2
exd4 9. Nxd4 Nf6 10. Qd2 d5 11. cxd5 Nexd5 12. Rc1 c6 13. Nxd5 Qxd5 14. O-O Ng4
15. Rfd1 Qe5 16. Bxg4 Bxg4 17. f3 Bc8 18. Ba3 Re8 19. Re1 h5 20. Rc3 h4 21. h3
Qg3 22. Kf1 Qh2 23. Rc2 Qh1+ 24. Kf2 Qh2 25. Bb2 Bxh3 26. Rg1 Rad8 27. Kf1 Bc8
28. Qf2 Bh6 29. f4 Bg4 30. Rc1 Bg7 31. Re1 h3 32. g3 Qxf2+ 33. Kxf2 c5 34. Nb5
Bxb2 35. Rb1 Rd2+ 0-1

[Event "SF Neuenkirchen 1 - Bielefelder SK 1"]
[Site "NRW-Klasse, Gruppe 1 2016/201"]
[Date "2017.02.12"]
[Round "6.7"]
[White "Roemhild, Marcus"]
[Black "Rieke, Theo"]
[Result "1-0"]
[WhiteElo "2012"]
[BlackElo "1940"]
[Annotator "Daniel"]
[PlyCount "81"]
[EventDate "2017.??.??"]
[WhiteTeam "Bielefelder SK 1"]
[BlackTeam "SF Neuenkirchen 1"]

1. c4 g6 2. g3 Bg7 3. Bg2 d6 4. Nc3 e5 5. d3 Nc6 6. Rb1 f5 7. e3 Nf6 8. Nge2
O-O 9. b4 a6 10. O-O Rb8 11. Nd5 Ne7 12. Nxf6+ Bxf6 13. f4 Be6 14. Qc2 Qd7 15.
Bb2 c6 16. Rfd1 Qc7 17. a3 Rbe8 18. Rbc1 Kg7 19. Qd2 Ng8 20. Re1 Qf7 21. Kh1
Bc8 22. Nc3 h5 23. b5 Qc7 24. a4 h4 25. Ne2 hxg3 26. hxg3 Nh6 27. Ng1 Ng4 28.
Nh3 Rh8 29. Kg1 Rh6 30. Nf2 Nxf2 $11 31. Kxf2 Kf7 32. bxa6 bxa6 33. Rh1 Reh8
34. Rxh6 Rxh6 35. c5 d5 36. Bc3 exf4 37. exf4 d4 38. Ba5 Qe7 39. Re1 Qxc5 40.
Bb4 Qb6 41. Qa2+ 1-0

[Event "SF Neuenkirchen 1 - Bielefelder SK 1"]
[Site "NRW-Klasse, Gruppe 1 2016/201"]
[Date "2017.02.12"]
[Round "6.8"]
[White "Scho, Christian"]
[Black "Danielmeier, Ralf"]
[Result "1-0"]
[WhiteElo "2088"]
[BlackElo "1986"]
[PlyCount "93"]
[EventDate "2017.??.??"]
[WhiteTeam "SF Neuenkirchen 1"]
[BlackTeam "Bielefelder SK 1"]

1. d4 Nf6 2. Bg5 c5 3. Bxf6 gxf6 4. d5 Qb6 5. Qc1 f5 6. c4 Bh6 7. Qc2 d6 8. Nc3
Na6 9. a3 e5 10. g3 Nc7 11. Rb1 Qa5 12. e3 Bd7 13. Bh3 e4 14. Nge2 O-O 15. O-O
Rfe8 16. b4 Qa6 17. b5 Qa5 18. Rb3 Re7 19. Rfb1 Ne8 20. b6 axb6 21. Rxb6 Bc8
22. a4 Bg7 23. R1b5 Qa7 24. Rb1 Be5 25. Bg2 Nc7 26. R6b2 Qa5 27. g4 Na6 28.
gxf5 Nb4 29. Qd2 Bxf5 30. Ng3 Bg6 31. Ncxe4 Bxg3 32. Nf6+ Kg7 33. hxg3 Bxb1 34.
Nh5+ Kh8 35. Rxb1 f6 36. Nxf6 Qd8 37. Qc3 Re5 38. Ng4 Qg5 39. Nxe5 dxe5 40. d6
Rd8 41. Rd1 Kg8 42. Bxb7 Qg4 43. Qd2 e4 44. a5 Nd3 45. Bd5+ Kg7 46. Qc3+ Kg6
47. Bxe4+ 1-0

[Event "SF Katernberg 2 - SVG Plettenberg 1"]
[Site "NRW-Klasse, Gruppe 1 2016/201"]
[Date "2017.02.12"]
[Round "6.1"]
[White "Haub, Thorsten Michael"]
[Black "Wessendorf, Thomas"]
[Result "1/2-1/2"]
[WhiteElo "2400"]
[BlackElo "2213"]
[Annotator "Daniel"]
[PlyCount "99"]
[EventDate "2017.??.??"]
[WhiteTeam "SVG Plettenberg 1"]
[BlackTeam "SF Katernberg 2"]

1. g3 Nf6 2. Bg2 g6 3. e4 d6 4. c3 Bg7 5. Nf3 O-O 6. d3 c5 7. O-O Nc6 8. Nbd2
e5 9. a4 h6 10. Nc4 Be6 11. Nfd2 d5 12. Na3 Qd7 13. f4 Bh3 14. Bxh3 Qxh3 15.
exd5 Nxd5 16. Qf3 Rad8 17. Ne4 exf4 18. Bxf4 Nxf4 19. gxf4 Rxd3 20. Qxh3 Rxh3
21. Nxc5 Re8 22. Kg2 Rh5 23. Nd3 Re4 24. Nc2 Rd5 25. Kf3 f5 26. Nf2 Rd2 27. Ne3
Re7 28. Nc4 Rde2 29. Rg1 Kh7 30. Rad1 Bf6 31. Rd2 Rxd2 32. Nxd2 g5 33. h3 a6
34. Nc4 Rd7 35. Rd1 Rxd1 36. Nxd1 Be7 37. Nde3 b5 38. axb5 axb5 39. Na3 b4 40.
cxb4 Nd4+ 41. Kg2 gxf4 42. Nac2 fxe3 43. Nxd4 Bxb4 44. Kf3 Kg6 45. Nc2 Bd6 46.
Nxe3 Kg5 47. Nd5 Kh4 $11 48. Nf4 Kg5 49. b3 Kh4 50. Ne6 1/2-1/2

[Event "SF Katernberg 2 - SVG Plettenberg 1"]
[Site "NRW-Klasse, Gruppe 1 2016/201"]
[Date "2017.02.12"]
[Round "6.2"]
[White "Rosen, Bernd"]
[Black "Bosch, Jeroen"]
[Result "1-0"]
[WhiteElo "2238"]
[BlackElo "2353"]
[PlyCount "73"]
[EventDate "2017.??.??"]
[WhiteTeam "SF Katernberg 2"]
[BlackTeam "SVG Plettenberg 1"]

1. Nf3 d5 2. c4 d4 3. d3 Nc6 4. g3 e5 5. Bg2 Nf6 6. O-O a5 7. Na3 Be7 8. Nc2
O-O 9. a3 Nd7 10. Bd2 a4 11. Nb4 Ncb8 12. e3 dxe3 13. Bxe3 c6 14. Na2 f6 15.
Nc3 Qa5 16. d4 exd4 17. Bxd4 Nc5 18. Re1 Rf7 19. Rxe7 Rxe7 20. Bxc5 Qxc5 21.
Qd8+ Kf7 22. Qxc8 Qb6 23. Re1 Qc7 24. Rxe7+ Qxe7 25. Ne4 g6 26. Qh8 Ke6 27.
Bh3+ f5 28. Qc8+ Kf7 29. Neg5+ Kg7 30. Ne6+ Kh6 31. Nc7 Ra5 32. Qxb8 Rc5 33.
Bf1 f4 34. g4 g5 35. Ne6 Qxe6 36. Qf8+ Kg6 37. Bd3+ 1-0

[Event "SF Katernberg 2 - SVG Plettenberg 1"]
[Site "NRW-Klasse, Gruppe 1 2016/201"]
[Date "2017.02.12"]
[Round "6.3"]
[White "Klip, Hans"]
[Black "Bee, Marcus"]
[Result "1-0"]
[WhiteElo "2311"]
[BlackElo "2116"]
[PlyCount "57"]
[EventDate "2017.??.??"]
[WhiteTeam "SVG Plettenberg 1"]
[BlackTeam "SF Katernberg 2"]

1. e4 g6 2. d4 Bg7 3. Nc3 c6 4. Be3 d5 5. f3 dxe4 6. fxe4 Nf6 7. h3 O-O 8. Nf3
Qa5 9. Bd3 c5 10. dxc5 Na6 11. O-O Nxc5 12. Qe1 Bd7 13. Rd1 Nxd3 14. cxd3 Bc6
15. Nd4 Rac8 16. Qf2 b6 17. a3 Qh5 18. Nxc6 Rxc6 19. d4 e6 20. Bf4 Qa5 21. Bd2
Qh5 22. e5 Nd7 23. Qe1 Rc4 24. Ne2 Bh6 25. Ng3 Qh4 26. Nf5 Qxe1 27. Nxh6+ Kg7
28. Rdxe1 Rxd4 29. Bc3 1-0

[Event "SF Katernberg 2 - SVG Plettenberg 1"]
[Site "NRW-Klasse, Gruppe 1 2016/201"]
[Date "2017.02.12"]
[Round "6.4"]
[White "Gassmann, Volker"]
[Black "Schulze, Marc"]
[Result "0-1"]
[WhiteElo "2115"]
[BlackElo "2134"]
[PlyCount "64"]
[EventDate "2017.??.??"]
[WhiteTeam "SF Katernberg 2"]
[BlackTeam "SVG Plettenberg 1"]

1. c4 Nf6 2. Nc3 c5 3. g3 g6 4. Bg2 Bg7 5. Nf3 Nc6 6. O-O O-O 7. d4 d6 8. dxc5
dxc5 9. Be3 Qa5 10. Qa4 Qxa4 11. Nxa4 b6 12. Rad1 Bb7 13. h3 Rad8 14. b3 Nb4
15. a3 Nc2 16. Bc1 Bxf3 17. Bxf3 Nd4 18. b4 Nd7 19. Bg5 Rfe8 20. bxc5 bxc5 21.
Kg2 Rc8 22. Rb1 Nxf3 23. exf3 Bd4 24. Rb7 Ne5 25. Rc1 e6 26. Rc2 Rb8 27. Rxb8
Rxb8 28. Bf4 Rc8 29. Be3 Nd3 30. Rd2 Ne1+ 31. Kf1 Nxf3 32. Rd3 Ne5 0-1

[Event "SF Katernberg 2 - SVG Plettenberg 1"]
[Site "NRW-Klasse, Gruppe 1 2016/201"]
[Date "2017.02.12"]
[Round "6.5"]
[White "Bouaraba, Max"]
[Black "Kaeding, Rainer"]
[Result "1-0"]
[WhiteElo "2185"]
[BlackElo "2117"]
[PlyCount "87"]
[EventDate "2017.??.??"]
[WhiteTeam "SVG Plettenberg 1"]
[BlackTeam "SF Katernberg 2"]

1. d4 d5 2. Bf4 c5 3. e3 Nc6 4. Nc3 cxd4 5. exd4 Bf5 6. Bd3 Bxd3 7. Qxd3 a6 8.
Nf3 e6 9. O-O Nf6 10. Rfe1 Be7 11. Na4 Rc8 12. c3 Qa5 13. Qd1 Ne4 14. b4 Nxb4
15. cxb4 Bxb4 16. Rf1 b5 17. Nb2 Nc3 18. Qd3 Ba3 19. Nd1 b4 20. Nd2 Qb6 21. Nb3
O-O 22. Nc5 Qb5 23. Nxc3 Qxd3 24. Nxd3 bxc3 25. Bc1 Be7 26. a4 Rc4 27. Ne5 Rxd4
28. Nc6 Rc4 29. Nxe7+ Kh8 30. Rd1 Rd8 31. Kf1 d4 32. Ke2 c2 33. Rd2 Rd7 34. Ra2
g6 35. Raxc2 Rxc2 36. Rxc2 Kg7 37. Kd3 Rxe7 38. Kxd4 Rd7+ 39. Ke3 g5 40. Rc6
Kg6 41. Rxa6 Kf5 42. Bd2 h5 43. Rb6 e5 44. a5 1-0

[Event "SF Katernberg 2 - SVG Plettenberg 1"]
[Site "NRW-Klasse, Gruppe 1 2016/201"]
[Date "2017.02.12"]
[Round "6.6"]
[White "Villwock, Martin"]
[Black "Pieper, Dawid"]
[Result "0-1"]
[WhiteElo "2083"]
[BlackElo "2157"]
[PlyCount "44"]
[EventDate "2017.??.??"]
[WhiteTeam "SF Katernberg 2"]
[BlackTeam "SVG Plettenberg 1"]

1. e4 d5 2. Nc3 d4 3. Nce2 e5 4. Ng3 Be6 5. Nf3 f6 6. Bb5+ Nd7 7. O-O c6 8. Be2
Bd6 9. c3 c5 10. Nf5 Bxf5 11. exf5 e4 12. Nh4 g5 13. fxg6 hxg6 14. Nxg6 Bxh2+
15. Kh1 Rh7 16. Bh5 Nf8 17. Qg4 f5 18. Nh8+ Kd7 19. Qxg8 Qh4 20. Ng6 Qxh5 21.
Nxf8+ Rxf8 22. g4 Rxg8 0-1

[Event "SF Katernberg 2 - SVG Plettenberg 1"]
[Site "NRW-Klasse, Gruppe 1 2016/201"]
[Date "2017.02.12"]
[Round "6.7"]
[White "Noelke, Manfred"]
[Black "Kueppers, Timo"]
[Result "0-1"]
[WhiteElo "1939"]
[BlackElo "2063"]
[Annotator "Daniel"]
[PlyCount "58"]
[EventDate "2017.??.??"]
[WhiteTeam "SVG Plettenberg 1"]
[BlackTeam "SF Katernberg 2"]

1. d4 Nf6 2. Bf4 e6 3. e3 c5 4. c3 Nc6 5. Nf3 d5 6. Bd3 Bd6 7. Bg3 b6 8. Nbd2
O-O 9. Ne5 Bb7 10. Qf3 Qc7 11. Nxc6 Qxc6 12. Bxd6 Qxd6 13. Qh3 e5 14. dxe5 Qxe5
15. O-O Rad8 16. Rfe1 Rfe8 17. Nf3 $11 Qe7 18. Rad1 Ne4 19. Qh4 Qc7 20. c4 dxc4
21. Bxe4 Bxe4 22. Ng5 Rxd1 23. Rxd1 Bd3 24. b3 h6 25. Nh3 Bc2 26. Rd2 cxb3 27.
axb3 Bxb3 28. Nf4 Qe5 29. h3 Qg5 0-1

[Event "SF Katernberg 2 - SVG Plettenberg 1"]
[Site "NRW-Klasse, Gruppe 1 2016/201"]
[Date "2017.02.12"]
[Round "6.8"]
[White "Rosen, Willy"]
[Black "Maniocha, Marek"]
[Result "1/2-1/2"]
[WhiteElo "2144"]
[BlackElo "1862"]
[PlyCount "110"]
[EventDate "2017.??.??"]
[WhiteTeam "SF Katernberg 2"]
[BlackTeam "SVG Plettenberg 1"]

1. e4 c5 2. Nc3 Nc6 3. f4 d6 4. Nf3 Nf6 5. Bc4 e6 6. d3 Be7 7. O-O O-O 8. Qe1
d5 9. Bb5 dxe4 10. Bxc6 exf3 11. Bxf3 Rb8 12. Bd2 b6 13. Kh1 Bb7 14. f5 exf5
15. Bxb7 Rxb7 16. Rxf5 Rd7 17. Qg3 Rd4 18. Raf1 Rg4 19. Qf3 Rg6 20. Bg5 h6 21.
Bh4 Qd4 22. Rf4 Qd7 23. Rf5 b5 24. b3 a6 25. Bxf6 Rxf6 26. Nd5 Rxf5 27. Qxf5
Qd8 28. c4 Bd6 29. g3 Qa5 30. Rf2 Qe1+ 31. Kg2 Qe5 32. Qxe5 Bxe5 33. Re2 f6 34.
Kf3 Kf7 35. g4 g6 36. h4 Re8 37. h5 gxh5 38. gxh5 Rg8 39. Rg2 Rxg2 40. Kxg2 Ke6
41. Kf3 bxc4 42. dxc4 Kf5 43. b4 cxb4 44. Nxb4 a5 45. Nc6 Bc7 46. Ne7+ Kg5 47.
c5 Kxh5 48. Nd5 Bd8 49. c6 Kg5 50. c7 Bxc7 51. Nxc7 Kf5 52. Ne8 Ke5 53. Ng7 Kd4
54. Nh5 Kc3 55. Nxf6 Kb2 1/2-1/2

[Event "SK Münster 1 - Brühler SK 1"]
[Site "NRW-Klasse, Gruppe 1 2016/201"]
[Date "2017.02.12"]
[Round "6.1"]
[White "Loifenfeld, Jakov"]
[Black "Muschik, Benedikt"]
[Result "1/2-1/2"]
[WhiteElo "2407"]
[BlackElo "2275"]
[PlyCount "44"]
[EventDate "2017.??.??"]
[WhiteTeam "Brühler SK 1"]
[BlackTeam "SK Münster 1"]

1. d4 g6 2. c4 Bg7 3. Nf3 d6 4. e4 Bg4 5. Be2 Nc6 6. Nbd2 Nf6 7. d5 Nb8 8. O-O
O-O 9. Re1 a5 10. Bf1 Na6 11. h3 Bxf3 12. Nxf3 Nd7 13. Rb1 Nac5 14. Bg5 h6 15.
Bd2 e5 16. dxe6 Nxe6 17. Be3 Ne5 18. Nd4 Nxd4 19. Bxd4 c5 20. Bc3 Nc6 21. Qd2
Nd4 22. Bd3 Qg5 1/2-1/2

[Event "SK Münster 1 - Brühler SK 1"]
[Site "NRW-Klasse, Gruppe 1 2016/201"]
[Date "2017.02.12"]
[Round "6.2"]
[White "Webb, Laurence"]
[Black "Keller, Thomas"]
[Result "1/2-1/2"]
[WhiteElo "2233"]
[BlackElo "2233"]
[Annotator "Daniel"]
[PlyCount "111"]
[EventDate "2017.??.??"]
[WhiteTeam "SK Münster 1"]
[BlackTeam "Brühler SK 1"]

1. d4 Nf6 2. c4 c6 3. Nf3 d5 4. e3 Bf5 5. Nc3 e6 6. Nh4 Bg4 7. Qb3 Qb6 8. h3
Bh5 9. g4 Bg6 10. Nxg6 hxg6 11. Bg2 Nbd7 12. cxd5 Qxb3 13. axb3 exd5 $11 14.
Bd2 Be7 15. f3 Nf8 16. Na4 N6d7 17. b4 O-O-O 18. b5 Ne6 19. Ke2 c5 20. f4 cxd4
21. Bxd5 Nf6 22. Bxe6+ fxe6 23. exd4 Rxd4 24. Be3 Rb4 25. Bxa7 Rxb5 26. Rhd1
Nd5 27. Rac1+ Kd7 28. Nb6+ Ke8 29. Rc8+ Bd8 30. Nxd5 exd5 31. Bd4 Rxh3 32. Rd3
Rh2+ 33. Kf3 Kd7 34. Ra8 Rh3+ 35. Ke2 Rh2+ 36. Kf3 Rh3+ 37. Ke2 Rxd3 38. Kxd3
Bf6 39. Rg8 Rb4 40. Bxf6 gxf6 41. Ke3 Rxb2 42. Rxg6 Rb3+ 43. Kd4 Rb4+ 44. Kxd5
Rxf4 45. Rg7+ Kc8 46. Kc5 Kb8 47. Kb6 Rb4+ 48. Kc5 Ra4 49. Rg6 Ra6 50. Kb5 Ka7
51. Kb4 Re6 52. g5 Re4+ 53. Kb3 fxg5 54. Rxg5 Ka6 55. Rh5 b5 56. Rh8 1/2-1/2

[Event "SK Münster 1 - Brühler SK 1"]
[Site "NRW-Klasse, Gruppe 1 2016/201"]
[Date "2017.02.12"]
[Round "6.3"]
[White "Schaefer, Juergen"]
[Black "Holtel, Jasper"]
[Result "1/2-1/2"]
[WhiteElo "2196"]
[BlackElo "2208"]
[PlyCount "70"]
[EventDate "2017.??.??"]
[WhiteTeam "Brühler SK 1"]
[BlackTeam "SK Münster 1"]

1. e4 c5 2. Na3 Nf6 3. e5 Nd5 4. Nf3 Nc6 5. Bb5 g6 6. O-O Bg7 7. Re1 O-O 8.
Bxc6 bxc6 9. d4 cxd4 10. Qxd4 f6 11. c4 Nc7 12. Qh4 Ne6 13. exf6 Bxf6 14. Ng5
Nxg5 15. Bxg5 e6 16. Bxf6 Qxf6 17. Qxf6 Rxf6 18. Nc2 Rb8 19. b3 Kf7 20. Rad1 a5
21. Rd3 Ke7 22. c5 Rf5 23. Rc3 Rd5 24. Rc1 Rd2 25. Rc4 Ba6 26. Ra4 Rb5 27. Ne3
e5 28. h3 Ke6 29. Rc3 Rd4 30. Rcc4 Rxc4 31. Rxc4 Rb8 32. Ra4 Rb5 33. Rc4 Rb8
34. Ra4 Rb5 35. Rc4 Rb8 1/2-1/2

[Event "SK Münster 1 - Brühler SK 1"]
[Site "NRW-Klasse, Gruppe 1 2016/201"]
[Date "2017.02.12"]
[Round "6.4"]
[White "Wolter, Kai"]
[Black "Schiffer, Stefan"]
[Result "1/2-1/2"]
[WhiteElo "2224"]
[BlackElo "2168"]
[PlyCount "106"]
[EventDate "2017.??.??"]
[WhiteTeam "SK Münster 1"]
[BlackTeam "Brühler SK 1"]

1. e4 c5 2. Nf3 g6 3. d4 cxd4 4. Qxd4 Nf6 5. Nc3 Nc6 6. Qa4 Bg7 7. e5 Ng8 8.
Bf4 f6 9. e6 dxe6 10. Bb5 Bd7 11. O-O-O Qc8 12. Rxd7 Qxd7 13. Rd1 Qc8 14. Nd4
a6 15. Bc4 b5 16. Ncxb5 axb5 17. Qxb5 Ra5 18. Qxc6+ Qxc6 19. Nxc6 Ra8 20. Bxe6
Bh6 21. Bxh6 Nxh6 22. b4 Nf7 23. Kb2 Nd8 24. Bd5 Rc8 25. b5 Nxc6 26. Bxc6+ Kf7
27. a4 Rc7 28. Ka3 Rb8 29. a5 Ke6 30. Ka4 h5 31. c4 f5 32. c5 g5 33. Re1+ Kf6
34. a6 e5 35. Ka5 e4 36. f3 exf3 37. gxf3 g4 38. fxg4 hxg4 39. Bb7 Rxc5 40. Kb6
Rd5 41. Kc7 Rxb7+ 42. axb7 Rxb5 43. b8=Q Rxb8 44. Kxb8 f4 45. Kc7 Kf5 46. Kd6
g3 47. hxg3 fxg3 48. Re8 Kf4 49. Rf8+ Ke3 50. Ke5 g2 51. Rg8 Kf2 52. Kf4 g1=Q
53. Rxg1 Kxg1 1/2-1/2

[Event "SK Münster 1 - Brühler SK 1"]
[Site "NRW-Klasse, Gruppe 1 2016/201"]
[Date "2017.02.12"]
[Round "6.5"]
[White "Haskelman, Evgen"]
[Black "Chilla, Jan Eric"]
[Result "0-1"]
[WhiteElo "2170"]
[BlackElo "2197"]
[PlyCount "128"]
[EventDate "2017.??.??"]
[WhiteTeam "Brühler SK 1"]
[BlackTeam "SK Münster 1"]

1. e4 e5 2. Bc4 Nf6 3. Nc3 Nxe4 4. Qh5 Nd6 5. Bb3 Be7 6. Nf3 Nc6 7. Nxe5 g6 8.
Qe2 Nd4 9. Qd1 O-O 10. O-O Bf6 11. f4 Nxb3 12. axb3 Nf5 13. d4 d6 14. Nf3 d5
15. b4 c6 16. Ne2 Nd6 17. Ne5 Bg7 18. Ng3 f6 19. Nd3 Qe8 20. Re1 Qf7 21. Qf3 h5
22. h4 a6 23. Bd2 Bg4 24. Qf2 Rfe8 25. Rxe8+ Rxe8 26. Re1 Bf8 27. Rxe8 Qxe8 28.
Qe1 Qxe1+ 29. Bxe1 Kf7 30. Kf2 Be7 31. Nc5 Bc8 32. b3 b6 33. Na4 Bd8 34. Ke3
Nf5+ 35. Nxf5 Bxf5 36. Kd2 Be4 37. g3 Ke6 38. c4 Kf5 39. c5 b5 40. Nb6 g5 41.
fxg5 fxg5 42. hxg5 Bxg5+ 43. Ke2 Ke6 44. Bd2 Bf6 45. Be3 Bc2 46. Kf3 Bxb3 47.
Kf4 Bd8 48. Bf2 Bd1 49. Be1 Bg4 50. Bf2 Kf6 51. Be1 Be7 52. Na8 Bf8 53. Ke3
Bh6+ 54. Kd3 Bd7 55. Nb6 Be6 56. Bd2 Bg7 57. Ke3 Kf5 58. Na8 Bh6+ 59. Ke2 Bxd2
60. Kxd2 Kg4 61. Nc7 Bd7 62. Ke1 Kxg3 63. Nxa6 h4 64. Kf1 h3 0-1

[Event "SK Münster 1 - Brühler SK 1"]
[Site "NRW-Klasse, Gruppe 1 2016/201"]
[Date "2017.02.12"]
[Round "6.6"]
[White "Kamp, Christoph"]
[Black "Peters, Alex"]
[Result "1/2-1/2"]
[WhiteElo "2179"]
[BlackElo "2207"]
[PlyCount "148"]
[EventDate "2017.??.??"]
[WhiteTeam "SK Münster 1"]
[BlackTeam "Brühler SK 1"]

1. c4 Nf6 2. Nc3 e6 3. e4 d5 4. e5 Ne4 5. Nxe4 dxe4 6. Qg4 Nc6 7. Qxe4 Qd4 8.
Qxd4 Nxd4 9. Bd3 Bc5 10. Ne2 Bd7 11. b4 Nxe2 12. bxc5 Nxc1 13. Rxc1 Bc6 14. f3
O-O-O 15. Ke2 Rd4 16. Ke3 Rhd8 17. Rc3 Rh4 18. Be4 Bxe4 19. fxe4 f5 20. exf6
gxf6 21. g3 Rh3 22. d4 Kd7 23. d5 c6 24. Rb3 exd5 25. cxd5 cxd5 26. exd5 Kc7
27. c6 bxc6 28. dxc6 Kxc6 29. Rc1+ Kd7 30. Rc2 Ke6 31. Ra3 Rd7 32. Ra6+ Kf5 33.
Kf3 Kg6 34. Kg4 Rh6 35. h4 Kf7 36. Rf2 Ke7 37. Re2+ Kf7 38. Ra3 Rg6+ 39. Kf4
Rg8 40. Re4 Re8 41. Rxe8 Kxe8 42. Ra5 Kf7 43. Kf5 Rc7 44. h5 Re7 45. Ra6 Re5+
46. Kg4 Re4+ 47. Kf3 Re7 48. Kf4 Rc7 49. Ra5 Rd7 50. g4 h6 51. Rb5 Ke6 52. Ra5
Rd4+ 53. Kf3 Rd7 54. Ke4 Rc7 55. Ra6+ Kf7 56. Ra4 Ke6 57. a3 Kf7 58. Ra5 Rd7
59. Rc5 Ke6 60. Rc6+ Kf7 61. a4 Re7+ 62. Kf4 Rd7 63. a5 Rd4+ 64. Kf3 Ra4 65.
Rc7+ Ke6 66. Rxa7 Ra3+ 67. Kf4 Ra4+ 68. Kf3 Ra3+ 69. Kf2 Ke5 70. Rh7 Kf4 71.
Rxh6 Kxg4 72. Rxf6 Rxa5 73. h6 Rh5 74. Ra6 Kg5 1/2-1/2

[Event "SK Münster 1 - Brühler SK 1"]
[Site "NRW-Klasse, Gruppe 1 2016/201"]
[Date "2017.02.12"]
[Round "6.7"]
[White "Spilles, Matthias"]
[Black "Rott, Georg"]
[Result "1-0"]
[WhiteElo "2174"]
[BlackElo "2041"]
[PlyCount "69"]
[EventDate "2017.??.??"]
[WhiteTeam "Brühler SK 1"]
[BlackTeam "SK Münster 1"]

1. e4 e6 2. d4 d5 3. Nc3 Bb4 4. exd5 exd5 5. Bd3 Nf6 6. Nge2 O-O 7. O-O h6 8.
Ng3 Bg4 9. f3 Be6 10. Nce2 Bd6 11. Be3 Re8 12. Qd2 Bxg3 13. hxg3 Nbd7 14. Kf2
c5 15. Rh1 c4 16. Bxh6 cxd3 17. Bxg7 Bh3 18. Qh6 Rxe2+ 19. Kf1 Nh7 20. Rxh3
Ndf8 21. Bxf8 Qg5 22. Qxh7+ Kxf8 23. Qxd3 Rae8 24. Rh8+ Kg7 25. Rxe8 Rxe8 26.
Kf2 Re6 27. Rh1 Rg6 28. g4 Qf6 29. Rh5 Kg8 30. c3 Qb6 31. b4 Qc6 32. Qe3 f6 33.
Qe7 Rg7 34. Qd8+ Kf7 35. Qxd5+ 1-0

[Event "SK Münster 1 - Brühler SK 1"]
[Site "NRW-Klasse, Gruppe 1 2016/201"]
[Date "2017.02.12"]
[Round "6.8"]
[White "Hartmann, Steffen"]
[Black "Gramb, Marius"]
[Result "1/2-1/2"]
[WhiteElo "1887"]
[BlackElo "2057"]
[Annotator "Daniel"]
[PlyCount "85"]
[EventDate "2017.??.??"]
[WhiteTeam "SK Münster 1"]
[BlackTeam "Brühler SK 1"]

1. e4 c5 2. Nf3 d6 3. Bb5+ Nd7 4. O-O a6 5. Be2 Ngf6 6. d3 e6 7. Nbd2 Be7 8. a4
b6 9. Re1 O-O 10. Nf1 Qc7 11. Ng3 d5 12. Bf1 dxe4 13. dxe4 Bb7 14. c4 Bd6 15.
Bd3 Ne5 16. Nxe5 Bxe5 17. Qe2 Rad8 18. Ra3 Rd7 19. Bc2 Rfd8 20. Rd3 $11 Rxd3
21. Bxd3 Bf4 22. Bxf4 Qxf4 23. f3 Bc6 24. b3 Qd6 25. Rd1 e5 26. Nf5 Qc7 27. Bc2
Rxd1+ 28. Qxd1 Qd7 29. Qxd7 Bxd7 30. Ne7+ Kf8 31. Nd5 Nxd5 32. exd5 f5 33. Kf2
Ke7 34. g3 Kd6 35. f4 b5 36. a5 g6 37. Ke3 Be8 38. Bd1 Bd7 39. Bc2 Bc8 40. Bd1
Bd7 41. Bc2 b4 42. h4 e4 43. Bd1 1/2-1/2

[Event "Ratinger SK 1 - SF Lieme 1"]
[Site "NRW-Klasse, Gruppe 1 2016/201"]
[Date "2017.02.12"]
[Round "6.1"]
[White "Essing, Arnold"]
[Black "Preuschoff, Michael"]
[Result "0-1"]
[WhiteElo "2186"]
[BlackElo "2147"]
[PlyCount "60"]
[EventDate "2017.??.??"]
[WhiteTeam "SF Lieme 1"]
[BlackTeam "Ratinger SK 1"]

1. d4 d6 2. e4 Nf6 3. Nc3 c6 4. g3 Qa5 5. Bg2 e5 6. Nge2 b5 7. O-O b4 8. Nb1
Ba6 9. Re1 Nbd7 10. h3 Rc8 11. b3 c5 12. dxe5 dxe5 13. Bb2 c4 14. a3 Qb6 15.
axb4 Bxb4 16. Nec3 cxb3 17. cxb3 O-O 18. Re3 Rfd8 19. Qf3 Nc5 20. Na4 Nxa4 21.
Rxa4 Bc5 22. Re1 Bb5 23. Bxe5 Rd3 24. Qf4 Nh5 25. Qf5 Bd7 26. Qxh5 Bxf2+ 27.
Kh2 Bxe1 28. Ra1 Rc2 29. Na3 Rxg2+ 30. Kxg2 Qf2+ 0-1